00810 2200253 4500001002100000005001500021035002000036007000300056008004100059020001800100082001600118084001600134100001300150245012300163260003400286300003000320650002100350700002200371520011100393990001300504990001300517990001300530990001300543INLIS00000000000991920251224030926 a0010-0723000449ta251224 g 0 ind  a9786021656372 a745.5 LIN a a745.5 LIN a0 aLinawati1 aAksesori Ruffle :b: ragam kerutan cantik inspiratif dari sifon, satin, organdi, dan brokat untuk aksesori /cLinawati aSurabaya :bTiara Aksa,c2020 a84 hlm. :bilus ;c21 cm. 4aKerajinan Tangan0 aNovi Winda Astari aRuffle atau kerutan yang dibuat dari kain dikreasikan menjadi bentuk-bentuk aksesori yang unik dan cantik. a023.4931 a023.4932 a023.4933 a023.4934